[Event "V Festival Costa Viola B"]
[Site "Palmi ITA"]
[Date "2012.01.04"]
[Round "5"]
[White "Carrozza, Gregorio"]
[Black "Iannello, Andrea"]
[Result "0-1"]
[WhiteElo "1689"]
[BlackElo "1740"]
[PlyCount "98"]
[EventDate "2012.01.02"]

1. e4 c5 2. Nf3 d6 3. d4 cxd4 4. Nxd4 Nf6 5. Nc3 a6 6. a4 e5 7. Nb3 Be7 8. Be2
Be6 9. Be3 Nbd7 10. Qd2 Rc8 11. f3 O-O 12. g4 Nc5 13. Nxc5 dxc5 14. O-O-O Ra8
15. Nd5 Nd7 16. Nxe7+ Qxe7 17. a5 Rfc8 18. h4 c4 19. c3 Nc5 20. Bxc5 Qxc5 21.
f4 exf4 22. Qxf4 Qxa5 23. Kb1 b5 24. Qd6 Rd8 25. Qc5 Rac8 26. Qe7 Re8 27. Qd6
Ra8 28. h5 Qd8 29. Qc5 Qe7 30. Qxe7 Rxe7 31. Rd6 Rd7 32. Rhd1 Rad8 33. R6d4 Kf8
34. g5 Ke7 35. Ka2 a5 36. R1d2 b4 37. Rxd7+ Rxd7 38. Rxd7+ Kxd7 39. Bd1 Kd6 40.
Ba4 Ke5 41. Bc6 Kf4 42. h6 gxh6 43. gxh6 Kg5 44. Bd5 Bxd5 45. exd5 Kf6 46. b3
cxb3+ 47. Kxb3 bxc3 48. Kxc3 Ke5 49. Kc4 Kd6 0-1

[Event "V Festival Costa Viola B"]
[Site "Palmi ITA"]
[Date "2012.01.04"]
[Round "5"]
[White "Daniac, Federico"]
[Black "Russo, Arianna"]
[Result "1/2-1/2"]
[WhiteElo "1548"]
[BlackElo "1688"]
[PlyCount "50"]
[EventDate "2012.01.02"]

1. e4 c5 2. Nf3 d6 3. d4 cxd4 4. Nxd4 Nf6 5. Nc3 g6 6. Be3 Bg7 7. f3 O-O 8. Qd2
Nc6 9. Bc4 Bd7 10. O-O-O Rc8 11. Bb3 Ne5 12. Bh6 Nc4 13. Bxc4 Rxc4 14. Bxg7
Kxg7 15. Nb3 b5 16. Kb1 Qb6 17. Nd5 Nxd5 18. exd5 Rfc8 19. Rc1 Bf5 20. Na1 Qc5
21. g4 Bd7 22. Nb3 Qb6 23. h4 h6 24. h5 g5 25. Rhe1 e6 1/2-1/2

[Event "V Festival Costa Viola B"]
[Site "Palmi ITA"]
[Date "2012.01.04"]
[Round "5"]
[White "Della Rocca, Giorgio"]
[Black "Ziparo, Francesco"]
[Result "1-0"]
[WhiteElo "1855"]
[BlackElo "1581"]
[PlyCount "73"]
[EventDate "2012.01.02"]

1. e4 d6 2. d4 Nf6 3. Nc3 g6 4. Nf3 Bg7 5. Be2 O-O 6. h3 Nbd7 7. Be3 e5 8. dxe5
Nxe5 9. Nxe5 dxe5 10. Qxd8 Rxd8 11. Nb5 Bd7 12. f3 Nh5 13. Kf2 a6 14. Nxc7 Rac8
15. Bb6 f5 16. Bc4+ Kh8 17. Bd5 fxe4 18. Bxe4 Rf8 19. Nd5 Bc6 20. Ne7 Rce8 21.
Nxc6 bxc6 22. Rhd1 Nf6 23. Bd3 e4 24. Bxa6 Nd5 25. Bc5 e3+ 26. Kg1 Rf4 27. c3
e2 28. Re1 Nxc3 29. bxc3 Bxc3 30. Rab1 Rf5 31. Bb4 Bxe1 32. Rxe1 h6 33. Rxe2
Rxe2 34. Bxe2 Rf4 35. a3 Kg7 36. Kf2 Rf8 37. Bxf8+ 1-0

[Event "V Festival Costa Viola B"]
[Site "Palmi ITA"]
[Date "2012.01.04"]
[Round "5"]
[White "Fariselli, Umberto"]
[Black "Santeramo, Cristina"]
[Result "1/2-1/2"]
[WhiteElo "1299"]
[BlackElo "1550"]
[PlyCount "99"]
[EventDate "2012.01.02"]

1. e4 c5 2. Nf3 Nc6 3. Bb5 g6 4. c3 Bg7 5. d3 a6 6. Bxc6 bxc6 7. O-O d5 8. Nbd2
Bg4 9. Qa4 Qd6 10. Re1 Bd7 11. e5 Qc7 12. Nb3 Qb6 13. Be3 e6 14. Bxc5 Qc7 15.
Bd6 Qd8 16. Nc5 Nh6 17. Qb4 Nf5 18. Nxd7 Qxd7 19. d4 Nxd6 20. exd6 O-O 21. Qa3
Rfd8 22. Ne5 Qxd6 23. Qxd6 Rxd6 24. f4 Bxe5 25. fxe5 Rd7 26. b4 a5 27. a3 Rda7
28. Re3 Kg7 29. Rf3 Kh6 30. Raf1 Kg7 31. Rb1 axb4 32. axb4 Ra2 33. Rbf1 R8a7
34. h3 Rc2 35. Kh2 Kg8 36. Kg3 g5 37. Rg1 Raa2 38. Kh2 Ra3 39. Rgf1 Raa2 40.
Rg3 h6 41. h4 Kf8 42. hxg5 hxg5 43. Rxg5 Rxc3 44. Rb1 Rc4 45. Rg4 Rd2 46. b5
cxb5 47. Rxb5 Rdxd4 48. Rb8+ Ke7 49. Rb7+ Kf8 50. Rb8+ 1/2-1/2

[Event "V Festival Costa Viola B"]
[Site "Palmi ITA"]
[Date "2012.01.04"]
[Round "5"]
[White "Favaloro, Andrea"]
[Black "Panariello, Francesco"]
[Result "1/2-1/2"]
[WhiteElo "1626"]
[BlackElo "1756"]
[PlyCount "58"]
[EventDate "2012.01.02"]

1. e4 e6 2. d4 d5 3. Nc3 Bb4 4. e5 c5 5. a3 Bxc3+ 6. bxc3 Ne7 7. h4 Qa5 8. Bd2
Nbc6 9. h5 h6 10. Qg4 Rg8 11. Bd3 c4 12. Bh7 Kf8 13. Bxg8 Nxg8 14. Rh3 Nce7 15.
Nf3 Qa4 16. Kd1 Qe8 17. Nh4 f5 18. Qf3 Qf7 19. g4 fxg4 20. Qxf7+ Kxf7 21. Rg3
Nf5 22. Rxg4 Nge7 23. Ng6 Bd7 24. Rb1 Rb8 25. Ke2 Ba4 26. Rc1 Nxg6 27. hxg6+
Kg8 28. Kf1 Re8 29. Rf4 Rf8 1/2-1/2

[Event "V Festival Costa Viola B"]
[Site "Palmi ITA"]
[Date "2012.01.04"]
[Round "5"]
[White "Furnari, Francesco"]
[Black "Violi, Vincenzo"]
[Result "1/2-1/2"]
[WhiteElo "1833"]
[BlackElo "1813"]
[PlyCount "44"]
[EventDate "2012.01.02"]

1. c4 b6 2. d4 e6 3. Nc3 Bb4 4. Qd3 Bb7 5. a3 Bxc3+ 6. Qxc3 Nf6 7. Bg5 d6 8. f3
Nbd7 9. e4 e5 10. d5 Qe7 11. Bd3 a5 12. Ne2 Nxe4 13. fxe4 Qxg5 14. O-O O-O 15.
Rf3 Nc5 16. Raf1 Bc8 17. Rg3 Qe7 18. Bc2 Bd7 19. Qe3 f6 20. h3 Rf7 21. Rgf3
Raf8 22. Ng3 g6 1/2-1/2

[Event "V Festival Costa Viola B"]
[Site "Palmi ITA"]
[Date "2012.01.04"]
[Round "5"]
[White "Greco, Simone"]
[Black "Valotta, Massimiliano"]
[Result "1/2-1/2"]
[WhiteElo "1629"]
[BlackElo "1852"]
[PlyCount "120"]
[EventDate "2012.01.02"]

1. e4 c5 2. Nc3 g6 3. g3 Bg7 4. Bg2 d6 5. Nge2 Nc6 6. d3 Nf6 7. O-O O-O 8. h3
e5 9. Be3 Be6 10. Qd2 Qd7 11. Kh2 Nd4 12. f4 Nh5 13. f5 gxf5 14. exf5 Nxf5 15.
g4 Nxe3 16. Qxe3 Nf4 17. Nxf4 exf4 18. Qe1 Rae8 19. Qh4 Qe7 20. g5 h6 21. Ne4
f5 22. gxf6 Bxf6 23. Qxh6 Be5 24. Bf3 Qh7 25. Rg1+ Kh8 26. Rg6 Qxh6 27. Rxh6+
Kg7 28. Rh5 Rh8 29. Rg1+ Kf7 30. Ng5+ Ke7 31. Nxe6 Kxe6 32. Rg6+ Kf7 33. Rhg5
b6 34. Bd5+ Ke7 35. Kg2 Ref8 36. Re6+ Kd7 37. c3 f3+ 38. Kf2 Rxh3 39. Reg6 Rh2+
40. Kf1 f2 41. Rg8 Rxg8 42. Rxg8 Rh3 43. Be4 Ke6 44. Kxf2 d5 45. Bf3 Rh2+ 46.
Rg2 Bf4 47. Rxh2 Bxh2 48. Bg4+ Ke5 49. Kf3 c4 50. d4+ Kd6 51. Ke2 a5 52. a4 Ke7
53. Kd1 Bg1 54. Ke2 Kf6 55. Kf3 Bh2 56. Ke2 Bg3 57. Kd1 Ke7 58. Kc2 Kd6 59. Kd1
Bf4 60. Kc2 Kc6 1/2-1/2

[Event "V Festival Costa Viola B"]
[Site "Palmi ITA"]
[Date "2012.01.04"]
[Round "5"]
[White "Iannello, Antonio"]
[Black "Russo, Biagio"]
[Result "1-0"]
[WhiteElo "1605"]
[BlackElo "1691"]
[PlyCount "55"]
[EventDate "2012.01.02"]

1. e4 c5 2. Nf3 d6 3. d4 cxd4 4. Nxd4 Nf6 5. Nc3 g6 6. Be3 Bg7 7. f3 Bd7 8. Qd2
Nc6 9. O-O-O Qa5 10. Bc4 Ne5 11. Bb3 Rc8 12. g4 O-O 13. h4 h5 14. gxh5 Nxh5 15.
Rdg1 Nc4 16. Bxc4 Rxc4 17. Rg5 Qc7 18. Nd5 Qd8 19. Rhg1 e6 20. Nc3 Kh7 21. Qd3
Rc7 22. Nde2 Bf6 23. Rxh5+ Kg7 24. e5 dxe5 25. Bh6+ Kg8 26. Rxg6+ Bg7 27. Rxg7+
Kh8 28. Qh7# 1-0

[Event "V Festival Costa Viola B"]
[Site "Palmi ITA"]
[Date "2012.01.04"]
[Round "5"]
[White "Mercuri, Delia"]
[Black "Cammareri, Pasquale"]
[Result "1/2-1/2"]
[WhiteElo "1673"]
[BlackElo "1485"]
[PlyCount "78"]
[EventDate "2012.01.02"]

1. e4 e6 2. Nf3 d5 3. exd5 exd5 4. d4 Nf6 5. Bd3 c6 6. O-O Bd6 7. Re1+ Be7 8.
Qe2 Bg4 9. Bg5 Bxf3 10. Qxf3 O-O 11. Nd2 Nbd7 12. Re2 Re8 13. Rae1 h6 14. Bf4
Nf8 15. Re3 Ne6 16. Be5 Ng5 17. Qe2 Rf8 18. Nf3 Nxf3+ 19. Qxf3 Qb6 20. Qf5 Ne4
21. Bxe4 dxe4 22. Qg4 Bg5 23. f4 exf3 24. gxf3 f6 25. Rb3 Qa5 26. Qe6+ Kh8 27.
Bd6 Rfe8 28. Be7 Rab8 29. c3 f5 30. Qf7 Bxe7 31. Rxe7 Rxe7 32. Qxe7 Qxa2 33.
Rb4 a5 34. Rb6 Kh7 35. Qe5 Qb1+ 36. Kg2 Qc2+ 37. Kg3 f4+ 38. Qxf4 Qg6+ 39. Kh3
Qh5+ 1/2-1/2

[Event "V Festival Costa Viola B"]
[Site "Palmi ITA"]
[Date "2012.01.04"]
[Round "5"]
[White "Navarra, Stefano"]
[Black "Gelardi, Davide"]
[Result "0-1"]
[WhiteElo "1389"]
[BlackElo "1677"]
[PlyCount "84"]
[EventDate "2012.01.02"]

1. d4 Nf6 2. Nf3 e6 3. e3 b6 4. Be2 Bb7 5. c4 Be7 6. Nc3 d5 7. O-O Nbd7 8. a3
O-O 9. b4 dxc4 10. Bxc4 Ne4 11. Nxe4 Bxe4 12. Bd3 Bb7 13. Bb2 Re8 14. e4 Nf6
15. Re1 c5 16. dxc5 bxc5 17. bxc5 Bxc5 18. Rc1 Qb6 19. Re2 Nxe4 20. Bxe4 Bxe4
21. Rxe4 Bxf2+ 22. Kf1 Qxb2 23. Rc2 Qb7 24. Kxf2 Qxe4 25. Rd2 Rac8 26. Nd4 Red8
27. Nf3 Rxd2+ 28. Qxd2 Rc2 29. Qxc2 Qxc2+ 30. Kg3 f6 31. a4 Qxa4 32. h4 e5 33.
Kh3 Qb3 34. Kg4 Qc4+ 35. Kh3 e4 36. Nd2 Qc3+ 37. g3 Qxd2 38. g4 Qe3+ 39. Kg2
Qf3+ 40. Kh2 e3 41. g5 e2 42. gxf6 e1=N 0-1

[Event "V Festival Costa Viola B"]
[Site "Palmi ITA"]
[Date "2012.01.04"]
[Round "5"]
[White "Pelyushenko, Vladyslav"]
[Black "Carbone, Edoardo"]
[Result "1/2-1/2"]
[WhiteElo "1787"]
[BlackElo "1835"]
[PlyCount "73"]
[EventDate "2012.01.02"]

1. d4 Nf6 2. Nf3 e6 3. c4 b6 4. a3 Bb7 5. Nc3 Be7 6. Qc2 d5 7. cxd5 exd5 8. e3
O-O 9. Bd3 c5 10. O-O Nc6 11. Rb1 a6 12. b4 cxb4 13. Na4 g6 14. Bd2 Rc8 15. Qa2
a5 16. Rfc1 Bd6 17. Bb5 Ne4 18. Be1 Na7 19. Bd3 b5 20. Rxc8 Qxc8 21. Nc5 Bxc5
22. dxc5 Nc3 23. Bxc3 bxc3 24. Bxb5 Qxc5 25. Nd4 Rc8 26. Bd3 Rc7 27. a4 Nc6 28.
Rb5 Qe7 29. Rxb7 Rxb7 30. Nxc6 Qc5 31. Nd4 Rb2 32. Qa1 Rd2 33. Nb3 c2 34. Bxc2
Qxc2 35. Nxd2 Qxd2 36. g3 Qb4 37. Qd4 1/2-1/2

[Event "V Festival Costa Viola B"]
[Site "Palmi ITA"]
[Date "2012.01.04"]
[Round "5"]
[White "Santeramo, Alessia Carmen"]
[Black "Vasta, Armando"]
[Result "1/2-1/2"]
[WhiteElo "1824"]
[BlackElo "1678"]
[PlyCount "60"]
[EventDate "2012.01.02"]

1. e4 c5 2. Nc3 e6 3. Nf3 Nc6 4. d4 cxd4 5. Nxd4 a6 6. g3 Nf6 7. Bg2 Be7 8. O-O
O-O 9. Be3 d6 10. Qe2 Qc7 11. Rad1 Bd7 12. f4 Nxd4 13. Bxd4 e5 14. Be3 b5 15.
fxe5 dxe5 16. Nd5 Nxd5 17. exd5 Rac8 18. Rd2 Bc5 19. Bxc5 Qxc5+ 20. Qf2 Qxf2+
21. Rdxf2 f5 22. d6 e4 23. Re1 Rf6 24. g4 Re8 25. gxf5 Bxf5 26. Rd2 Rd8 27. d7
Re6 28. Rd5 g6 29. Rd4 Kf8 30. Bxe4 Bxe4 1/2-1/2

[Event "V Festival Costa Viola B"]
[Site "Palmi ITA"]
[Date "2012.01.04"]
[Round "5"]
[White "Suriano, Davide"]
[Black "Cicero, Angelo"]
[Result "0-1"]
[WhiteElo "1539"]
[BlackElo "1680"]
[PlyCount "92"]
[EventDate "2012.01.02"]

1. c4 Nf6 2. Nc3 g6 3. g3 Bg7 4. Bg2 d6 5. Nf3 O-O 6. O-O e5 7. d3 Bg4 8. Qb3
Bc8 9. a3 Nbd7 10. Qc2 a5 11. Rb1 Rb8 12. Bd2 b6 13. Qc1 Bb7 14. Bh6 e4 15.
dxe4 Nxe4 16. Nxe4 Bxe4 17. Bxg7 Kxg7 18. Qc3+ Kg8 19. Rbc1 Re8 20. Rfd1 Bc6
21. Nd4 Bxg2 22. Kxg2 Qc8 23. Qd2 Nc5 24. Qf4 Re4 25. Qf3 Qg4 26. Qxg4 Rxg4 27.
b4 axb4 28. axb4 Rxd4 29. Rxd4 Nb3 30. Rcd1 Nxd4 31. Rxd4 Ra8 32. e3 Kf8 33.
Kf3 Ke7 34. h4 c5 35. bxc5 dxc5 36. Rf4 Ra7 37. Ke4 Rd7 38. Ke5 Kd8 39. Rf6 Kc7
40. g4 Kb7 41. Rd6 Rxd6 42. Kxd6 Ka6 43. Kc6 Ka5 44. f3 Kb4 45. e4 Kxc4 46. e5
Kd4 0-1

[Event "V Festival Costa Viola B"]
[Site "Palmi ITA"]
[Date "2012.01.05"]
[Round "6"]
[White "Cammareri, Pasquale"]
[Black "Fariselli, Umberto"]
[Result "1-0"]
[WhiteElo "1485"]
[BlackElo "1299"]
[PlyCount "103"]
[EventDate "2012.01.02"]

1. d4 e6 2. Nf3 d6 3. e3 c6 4. Bd3 Nf6 5. O-O Be7 6. c4 Nbd7 7. b3 Qc7 8. Bb2
d5 9. Qe2 h5 10. Nbd2 g6 11. e4 O-O 12. e5 Ne4 13. Nxe4 dxe4 14. Bxe4 Kg7 15.
Rfd1 Rd8 16. Bc1 Rh8 17. Bg5 Bxg5 18. Nxg5 Qd8 19. Qd2 Qe7 20. Nf3 Nf8 21. Rac1
Nh7 22. h4 Rd8 23. g3 f5 24. exf6+ Nxf6 25. Bc2 Ng4 26. Qe1 Qf6 27. Ne5 Nxe5
28. Qxe5 Qxe5 29. dxe5 Re8 30. Rd4 a5 31. Rcd1 Kf7 32. Rd8 Ke7 33. Rxe8+ Kxe8
34. Bxg6+ Ke7 35. Bxh5 Bd7 36. f4 a4 37. Rd3 axb3 38. axb3 Ra1+ 39. Kh2 c5 40.
Bf3 b6 41. Kh3 Ra7 42. g4 Be8 43. g5 Bg6 44. Rd6 Ra6 45. h5 Bf5+ 46. Kh4 Ra1
47. g6 Rf1 48. Bc6 Rxf4+ 49. Kg5 Rg4+ 50. Kh6 Kf8 51. Rd7 Rh4 52. g7+ 1-0

[Event "V Festival Costa Viola B"]
[Site "Palmi ITA"]
[Date "2012.01.05"]
[Round "6"]
[White "Carbone, Edoardo"]
[Black "Altomonte, Giuseppe"]
[Result "1-0"]
[WhiteElo "1835"]
[BlackElo "1800"]
[PlyCount "85"]
[EventDate "2012.01.02"]

1. d4 d5 2. c4 c6 3. Nf3 e6 4. Qc2 Nf6 5. g3 Bb4+ 6. Bd2 Qe7 7. Bxb4 Qxb4+ 8.
Nbd2 O-O 9. Bg2 Nbd7 10. O-O b6 11. a3 Qe7 12. Rfe1 Bb7 13. Rac1 Rac8 14. cxd5
cxd5 15. Qa4 a6 16. Qb4 Qxb4 17. axb4 Rfd8 18. e3 Kf8 19. Bf1 Ne4 20. Bd3 Ke7
21. Ra1 Ra8 22. Rec1 Kd6 23. Bxe4 dxe4 24. Nc4+ Ke7 25. Nfe5 Nxe5 26. dxe5 Bd5
27. Nxb6 Ra7 28. Nc8+ Rxc8 29. Rxc8 h5 30. b5 Kd7 31. Rc3 a5 32. Rca3 Kc7 33.
Rxa5 Rxa5 34. Rxa5 Kb6 35. Ra6+ Kc7 36. b6+ Kb8 37. Ra7 Bb7 38. Kf1 f5 39. h4
g6 40. Ke1 Kc8 41. Kd2 Kb8 42. Kc3 Kc8 43. Kd4 1-0

[Event "V Festival Costa Viola B"]
[Site "Palmi ITA"]
[Date "2012.01.05"]
[Round "6"]
[White "Cicero, Angelo"]
[Black "Greco, Simone"]
[Result "1/2-1/2"]
[WhiteElo "1680"]
[BlackElo "1629"]
[PlyCount "139"]
[EventDate "2012.01.02"]

1. e4 c5 2. Nf3 d6 3. Bc4 Nf6 4. d3 Nc6 5. h3 g6 6. O-O Bg7 7. Nc3 e6 8. Re1
O-O 9. Bf4 a6 10. a4 Nd7 11. Bxd6 Re8 12. Bf4 Nb6 13. Bb3 Na5 14. Nd2 Nxb3 15.
Nxb3 c4 16. Nc1 Qe7 17. a5 Nd7 18. N1e2 cxd3 19. cxd3 Rd8 20. Qc2 Ne5 21. Bxe5
Bxe5 22. f4 Bg7 23. Red1 Bd7 24. d4 Bc6 25. e5 Rac8 26. Qd2 Bf8 27. Kf1 f6 28.
Qe1 fxe5 29. dxe5 Rxd1 30. Qxd1 Qh4 31. Qd3 Bc5 32. Qg3 Qxg3 33. Nxg3 Be3 34.
Nge2 Rf8 35. g3 g5 36. Ke1 gxf4 37. Nd1 Rf5 38. Nxe3 fxe3 39. Nd4 Rxe5 40. Nxc6
bxc6 41. Ke2 Kf7 42. Rc1 c5 43. Rc3 c4 44. Rxc4 Rxa5 45. Kxe3 Rb5 46. b4 Kf6
47. g4 a5 48. bxa5 Rxa5 49. h4 Ra3+ 50. Kf2 h6 51. Rf4+ Ke5 52. Rf3 Ra4 53. Kg3
Ra1 54. Kg2 Ra2+ 55. Kg3 Ra1 56. Kg2 Ke4 57. g5 hxg5 58. hxg5 Ra2+ 59. Kg3 Ra5
60. Rf4+ Ke3 61. Kg4 Ra1 62. Rf6 e5 63. g6 e4 64. Re6 Kd3 65. Rd6+ Ke2 66. Re6
e3 67. g7 Kd2 68. Rd6+ Ke2 69. Re6 Rg1+ 70. Kf4 1/2-1/2

[Event "V Festival Costa Viola B"]
[Site "Palmi ITA"]
[Date "2012.01.05"]
[Round "6"]
[White "Gelardi, Davide"]
[Black "Brogneri, Giovanni"]
[Result "0-1"]
[WhiteElo "1677"]
[BlackElo "1797"]
[PlyCount "90"]
[EventDate "2012.01.02"]

1. e4 b6 2. d4 e6 3. c4 Bb7 4. Bd3 Nc6 5. Ne2 Nb4 6. Nbc3 Nxd3+ 7. Qxd3 Bb4 8.
Bd2 Qh4 9. Ng3 O-O-O 10. d5 Ba6 11. O-O-O Ne7 12. a3 Bd6 13. Kb1 exd5 14. Nxd5
Nxd5 15. Qxd5 Bb7 16. Bg5 Bxg3 17. Bxh4 Bxd5 18. Bxd8 Bxe4+ 19. Ka2 Kxd8 20.
hxg3 Bxg2 21. Rh4 g5 22. Rhd4 Bc6 23. b4 a6 24. Kb3 h5 25. f4 h4 26. gxh4 gxh4
27. R1d2 h3 28. Rh2 Bg2 29. Kc3 Rg8 30. f5 Rg3+ 31. Kb2 Rf3 32. Rh4 Rxf5 33.
R2xh3 Bxh3 34. Rxh3 Re5 35. Kc3 Re8 36. a4 f5 37. Rf3 Re5 38. Kd4 d6 39. Rh3 b5
40. cxb5 axb5 41. a5 Kc8 42. a6 Kb8 43. Rh8+ Ka7 44. Rh7 Re4+ 45. Kc3 Rc4+ 0-1

[Event "V Festival Costa Viola B"]
[Site "Palmi ITA"]
[Date "2012.01.05"]
[Round "6"]
[White "Iannello, Andrea"]
[Black "Santeramo, Alessia Carmen"]
[Result "1/2-1/2"]
[WhiteElo "1740"]
[BlackElo "1824"]
[PlyCount "27"]
[EventDate "2012.01.02"]

1. e4 c5 2. Nf3 e6 3. d4 cxd4 4. Nxd4 a6 5. Nc3 Qc7 6. Bd3 Nc6 7. Nxc6 dxc6 8.
O-O Nf6 9. Bg5 h5 10. Bxf6 gxf6 11. Qf3 Bd6 12. h3 Be5 13. Rab1 Bd7 14. Qe3
1/2-1/2

[Event "V Festival Costa Viola B"]
[Site "Palmi ITA"]
[Date "2012.01.05"]
[Round "6"]
[White "Palermiti, Francesco"]
[Black "Bellantoni, Corrado"]
[Result "1-0"]
[WhiteElo "1540"]
[BlackElo "1524"]
[PlyCount "111"]
[EventDate "2012.01.02"]

1. d4 d6 2. Nf3 g6 3. e3 Bg7 4. b3 Nf6 5. Bb2 O-O 6. Nbd2 e6 7. Bd3 Nc6 8. a3
b6 9. O-O Bb7 10. c4 Ne7 11. Qe2 Nd7 12. e4 e5 13. d5 a5 14. a4 h6 15. Nb1 f5
16. Na3 f4 17. Nb5 g5 18. g4 Nc5 19. Qc2 Bc8 20. h3 Ng6 21. Kh1 Bf6 22. Rg1 Rf7
23. Rg2 Rh7 24. Rh2 Qe7 25. Rg1 Bb7 26. Ba3 Kf7 27. Bxc5 bxc5 28. Ne1 Ba6 29.
f3 Bxb5 30. cxb5 Qf8 31. Qd2 Qh8 32. Rgg2 Qb8 33. Nc2 Nh4 34. Rf2 Ng6 35. Na3
Nf8 36. Nc4 Ng6 37. Nxa5 Qh8 38. Nc6 Ne7 39. a5 Nxc6 40. dxc6 Qb8 41. Bc4+ Ke7
42. a6 Bh8 43. Qd5 Qc8 44. Rb2 Kf6 45. b4 Re7 46. Qd1 Qf8 47. bxc5 dxc5 48. b6
Rd8 49. Rhd2 Rd4 50. Rxd4 cxd4 51. b7 Re8 52. a7 Qa3 53. Ra2 Qc5 54. Qb3 d3 55.
b8=Q Qe3 56. Rg2 1-0

[Event "V Festival Costa Viola B"]
[Site "Palmi ITA"]
[Date "2012.01.05"]
[Round "6"]
[White "Panariello, Francesco"]
[Black "Carrozza, Gregorio"]
[Result "1-0"]
[WhiteElo "1756"]
[BlackElo "1689"]
[PlyCount "117"]
[EventDate "2012.01.02"]

1. d4 d5 2. Nf3 c6 3. e3 Nf6 4. Bd3 Bg4 5. c4 e6 6. Qb3 Qc7 7. Nc3 Nbd7 8. Bd2
Bxf3 9. gxf3 g6 10. Rc1 Bd6 11. cxd5 exd5 12. Nb5 Qb8 13. Nxd6+ Qxd6 14. Qxb7
O-O 15. Qxc6 Qe7 16. Qa4 Qe6 17. h4 Rfb8 18. Rc6 Qe7 19. Qc2 Nh5 20. a3 Nf4 21.
Bb4 Rxb4 22. axb4 Qxb4+ 23. Kf1 Nxd3 24. Qxd3 Qxb2 25. Qa6 Nb6 26. Qb7 Kg7 27.
Rc7 Qb1+ 28. Kg2 Qf5 29. Ra1 g5 30. hxg5 Qxg5+ 31. Kf1 Qf5 32. Rac1 Qxf3 33.
Qc6 Qh3+ 34. Ke2 Qh5+ 35. Kd2 Nc4+ 36. Kc3 Qh2 37. Qxd5 Qxc7 38. Rg1+ Kf6 39.
Qxc4 Qxc4+ 40. Kxc4 Rb8 41. Ra1 Rb2 42. f4 h5 43. Ra6+ Kf5 44. Rxa7 f6 45. Kd3
h4 46. Rh7 Kg4 47. d5 h3 48. Rh8 Kg3 49. Ke4 h2 50. Kf5 Re2 51. e4 Re1 52. Kxf6
h1=Q 53. Rxh1 Rxh1 54. f5 Kg4 55. d6 Rd1 56. e5 Rd5 57. Ke6 Rd4 58. f6 Ra4 59.
f7 1-0

[Event "V Festival Costa Viola B"]
[Site "Palmi ITA"]
[Date "2012.01.05"]
[Round "6"]
[White "Rametta, Marcello"]
[Black "Furnari, Francesco"]
[Result "0-1"]
[WhiteElo "1744"]
[BlackElo "1833"]
[PlyCount "118"]
[EventDate "2012.01.02"]

1. e4 e6 2. d4 d5 3. e5 c5 4. c3 Nc6 5. Nf3 Qb6 6. Be2 cxd4 7. cxd4 Nge7 8. Nc3
Nf5 9. Bb5 Bb4 10. Bxc6+ bxc6 11. O-O c5 12. Na4 Qc7 13. a3 Ba6 14. axb4 Bxf1
15. Qxf1 cxd4 16. Qb5+ Qd7 17. Qxd7+ Kxd7 18. Nc5+ Kc7 19. g4 Ne7 20. Nxd4 Nc6
21. Na6+ Kd7 22. Nxc6 Kxc6 23. b5+ Kd7 24. Be3 Rhc8 25. b4 Rc4 26. h3 Kd8 27.
b6 axb6 28. Bxb6+ Kc8 29. b5 d4 30. Rd1 Kb7 31. Rxd4 Rc1+ 32. Kg2 Kxb6 33. Rd7
Rf8 34. Nb4 Kxb5 35. Nd3 Rd1 36. Rb7+ Kc6 37. Rb3 Rd8 38. Nf4 g6 39. Rf3 R1d2
40. Kh2 R8d7 41. Kg3 Kc5 42. Re3 g5 43. Nh5 R7d3 44. Nf6 Rxe3+ 45. fxe3 Rd3 46.
Kf3 h6 47. Ng8 Kd5 48. Ke2 Rb3 49. Nxh6 Rb7 50. Kf3 Kxe5 51. Ng8 f6 52. Kg3 Rg7
53. Nh6 Kd6 54. h4 Ke7 55. h5 Kf8 56. e4 Rb7 57. Nf5 Rb3+ 58. Kg2 exf5 59. exf5
Ke7 0-1

[Event "V Festival Costa Viola B"]
[Site "Palmi ITA"]
[Date "2012.01.05"]
[Round "6"]
[White "Russo, Arianna"]
[Black "Iannello, Antonio"]
[Result "1/2-1/2"]
[WhiteElo "1688"]
[BlackElo "1605"]
[PlyCount "51"]
[EventDate "2012.01.02"]

1. d4 Nf6 2. c4 g6 3. Nc3 Bg7 4. e4 d6 5. f3 O-O 6. Be3 Nc6 7. Bd3 e5 8. d5 Nd4
9. Nge2 Nh5 10. O-O Nxe2+ 11. Nxe2 f5 12. exf5 gxf5 13. Rb1 f4 14. Bf2 Qg5 15.
Kh1 Rf6 16. Qe1 Rf7 17. Bh4 Qh6 18. Nc3 Bf6 19. Ne4 Bd7 20. Bxf6 Nxf6 21. Qd2
Nh5 22. g4 Ng7 23. g5 Qh4 24. Nf6+ Kh8 25. Rg1 Nf5 26. Bxf5 1/2-1/2

[Event "V Festival Costa Viola B"]
[Site "Palmi ITA"]
[Date "2012.01.05"]
[Round "6"]
[White "Russo, Biagio"]
[Black "Attina', Rodolfo"]
[Result "0-1"]
[WhiteElo "1691"]
[BlackElo "1368"]
[PlyCount "160"]
[EventDate "2012.01.02"]

1. d4 f5 2. c4 Nf6 3. Nc3 b6 4. h3 Bb7 5. Bf4 d6 6. e3 g6 7. Nf3 e6 8. Ng5 Qe7
9. d5 e5 10. Bh2 Bc8 11. Be2 Bh6 12. Nf3 a6 13. O-O O-O 14. b4 Bd7 15. Qb3 Kh8
16. Rfd1 b5 17. cxb5 axb5 18. Nxb5 Bc8 19. Rac1 Ne8 20. Rc2 Na6 21. Rdc1 Qg7
22. a4 Rf7 23. Nd2 Qf6 24. Nc4 f4 25. e4 f3 26. Bxf3 Bxc1 27. Rxc1 Qg5 28. Rc3
Bxh3 29. Bg3 Bd7 30. Nba3 Nf6 31. Na5 Bg4 32. Nc6 Re8 33. Qc4 Bxf3 34. gxf3 Nh5
35. Qxa6 Nxg3 36. fxg3 Qxg3+ 37. Kf1 Rxf3+ 38. Rxf3 Qxf3+ 39. Ke1 Rf8 40. Qe2
Qg3+ 41. Kd1 Qg1+ 42. Qe1 Rf1 43. Qxf1 Qxf1+ 44. Kd2 Qf4+ 45. Kc3 Qxe4 46. b5
Qxd5 47. Kb4 Qc5+ 48. Kb3 e4 49. a5 e3 50. a6 Qb6 51. a7 Qb7 52. Kc4 e2 53. Nc2
g5 54. Kc3 Kg7 55. Kd2 h5 56. N2d4 Kf6 57. Nxe2 h4 58. Ned4 g4 59. Ke3 Kg5 60.
Ne6+ Kf5 61. Ned4+ Kg5 62. Ne6+ Kf5 63. Ned4+ Kg6 64. Kf4 Qa8 65. Kxg4 Qh8 66.
Nf5 h3 67. Ng3 h2 68. Kf3 h1=Q+ 69. Nxh1 Qxh1+ 70. Ke3 Qa1 71. Kd3 Qa4 72. Kc3
d5 73. Kd2 Kf5 74. Ke3 Ke6 75. Nd4+ Kd6 76. Kd3 Qxa7 77. b6 Qxb6 78. Nf5+ Kc5
79. Nd4 Qg6+ 80. Kc3 Qg3+ 0-1

[Event "V Festival Costa Viola B"]
[Site "Palmi ITA"]
[Date "2012.01.05"]
[Round "6"]
[White "Santeramo, Cristina"]
[Black "Mercuri, Delia"]
[Result "0-1"]
[WhiteElo "1550"]
[BlackElo "1673"]
[PlyCount "108"]
[EventDate "2012.01.02"]

1. e4 e5 2. Nf3 d6 3. Nc3 Nf6 4. Bc4 Be6 5. Bb3 Bxb3 6. axb3 Be7 7. d3 Nbd7 8.
Be3 a6 9. O-O O-O 10. Re1 c5 11. Nd2 Ne8 12. Qg4 Nef6 13. Qg3 Nh5 14. Qg4 Nf4
15. Nf1 Nf6 16. Qf3 Ne6 17. Qd1 Nd4 18. f4 Nd7 19. f5 Bg5 20. Bxd4 cxd4 21. Nd5
Nb6 22. Nxb6 Qxb6 23. Qg4 Qd8 24. Ng3 Rc8 25. Re2 g6 26. Ra4 Be3+ 27. Kh1 Kh8
28. Nf1 Bf4 29. g3 Bh6 30. h4 Rc7 31. Rg2 Qc8 32. Rc4 Bc1 33. c3 b5 34. Rxc7
Qxc7 35. cxd4 exd4 36. Qf3 Bh6 37. f6 Qc1 38. Kh2 Re8 39. g4 Bf4+ 40. Kh3 Be5
41. g5 h6 42. Qf2 Qc8+ 43. Rg4 h5 44. Qg2 hxg4+ 45. Qxg4 Qxg4+ 46. Kxg4 Rc8 47.
Ng3 Rc2 48. h5 Rg2 49. hxg6 fxg6 50. f7 Rxg3+ 51. Kh4 Kg7 52. b4 Rg1 53. Kh3
Kxf7 54. Kh4 Rd1 0-1

[Event "V Festival Costa Viola B"]
[Site "Palmi ITA"]
[Date "2012.01.05"]
[Round "6"]
[White "Serratore, Vincenzo"]
[Black "Navarra, Stefano"]
[Result "1-0"]
[WhiteElo "1844"]
[BlackElo "1389"]
[PlyCount "51"]
[EventDate "2012.01.02"]

1. d4 d5 2. Bf4 Nf6 3. e3 e6 4. Nf3 Be7 5. Bd3 Nbd7 6. Nbd2 O-O 7. h4 Nh5 8.
Be5 Bf6 9. g4 Bxe5 10. dxe5 Nxe5 11. Nxe5 Qf6 12. Ndf3 Nf4 13. exf4 Qxf4 14.
Qd2 Qf6 15. Qg5 Qxg5 16. hxg5 g6 17. O-O-O c5 18. Rh6 Kg7 19. Rdh1 Rh8 20. Nxf7
c4 21. Bxg6 hxg6 22. Nxh8 Bd7 23. Rxg6+ Kf8 24. Ne5 Bc6 25. Rh7 Re8 26. Rf7#
1-0